000 00268nam a2200097Ia 4500
001 1101912
005 20250827003311.0
008 250824s9999 xx 000 0 und d
245 0 _aKÜRESEL KUŞATMA KARŞISINDA İNSAN
_cMUSTAFA ARMAĞAN
260 _bKETEBE YAYINLARI
999 _c1101912
_d1101912